ESSENTIALS OF MANAGEMENT: AN INTERNATIONAL PERSPECTIVE (Record no. 296044)
[ view plain ]
| 000 -LEADER | |
|---|---|
| fixed length control field | 005920000a22002290004500 |
| 082 ## - DEWEY DECIMAL CLASSIFICATION NUMBER | |
| Classification number | 658 KOO/ES |
| 100 ## - MAIN ENTRY--PERSONAL NAME | |
| Personal name | KOONTZ, HAROLD |
| Date of a work | Author |
| 100 ## - MAIN ENTRY--PERSONAL NAME | |
| Personal name | WEIHRICH, HEINZ |
| Date of a work | Author |
| 245 ## - TITLE STATEMENT | |
| Title | ESSENTIALS OF MANAGEMENT: AN INTERNATIONAL PERSPECTIVE |
| 250 ## - EDITION STATEMENT | |
| Edition statement | 6 |
| 260 ## - PUBLICATION, DISTRIBUTION, ETC. (IMPRINT) | |
| Place of publication, distribution, etc. | NEW DELHI, TATA McGRAW-HILL PUBLISHING COMPANY |
| 260 ## - PUBLICATION, DISTRIBUTION, ETC. (IMPRINT) | |
| Date of publication, distribution, etc. | 2004 |
| 300 ## - PHYSICAL DESCRIPTION | |
| Extent | pages 437 |
| 650 ## - SUBJECT ADDED ENTRY--TOPICAL TERM | |
| Topical term or geographic name as entry element | CONTROLLING |
| 650 ## - SUBJECT ADDED ENTRY--TOPICAL TERM | |
| Topical term or geographic name as entry element | GLOBAL MANAGEMENT THEORY |
| 650 ## - SUBJECT ADDED ENTRY--TOPICAL TERM | |
| Topical term or geographic name as entry element | INTERNATIONAL MANAGEMENT |
| 650 ## - SUBJECT ADDED ENTRY--TOPICAL TERM | |
| Topical term or geographic name as entry element | LEADING |
| 650 ## - SUBJECT ADDED ENTRY--TOPICAL TERM | |
| Topical term or geographic name as entry element | ORGANIZING |
| 650 ## - SUBJECT ADDED ENTRY--TOPICAL TERM | |
| Topical term or geographic name as entry element | PLANNING |
| 650 ## - SUBJECT ADDED ENTRY--TOPICAL TERM | |
| Topical term or geographic name as entry element | STAFFING |
| 942 ## - ADDED ENTRY ELEMENTS (KOHA) | |
| Koha item type | Books (General) |
| Withdrawn status | Lost status | Damaged status | Not for loan | Home library | Current library | Date acquired | Total Checkouts | Total Renewals | Full call number | Barcode | Date last seen | Date checked out | Price effective from | Koha item type |
|---|---|---|---|---|---|---|---|---|---|---|---|---|---|---|
| College of Agriculture, Padannakkad | College of Agriculture, Padannakkad | 24/07/2013 | 2 | 1 | 658 KOO/ES | KAU_COAP-04880 | 28/02/2020 | 06/12/2019 | 24/07/2013 | Books (General) |
